Statistics for Jurassic World Dinosaurs (Hard Version)

Click here to take the quiz!

General Stats

  • This quiz has been taken 45 times
  • The average score is 11 of 15

Answer Stats

Answer% Correct
Tyrannosaurus rex
100%
Velociraptor
100%
Triceratops
94%
Indominus rex
90%
Stegosaurus
87%
Ankylosaurus
84%
Mosasaurus
81%
Parasaurolophus
71%
Apatosaurus
68%
Pteranodon
68%
Brachiosaurus
65%
Gallimimus
65%
Dimorphodon
61%
Pachycephalosaurus
48%
Dilophosaurus
35%

Score Distribution

Percentile by Number Answered

Percent of People with Each Score

Your Score History

You have not taken this quiz